|
|
|
|
| LEADER |
00995nam a2200301 4500 |
| 001 |
DLU110125743 |
| 005 |
##20110926 |
| 040 |
# |
# |
|a DLU
|b vie
|
| 041 |
# |
# |
|a vie
|
| 044 |
# |
# |
|a vn
|
| 100 |
# |
# |
|a Phan Thu Giang.
|
| 245 |
# |
# |
|a Xác định lượng vết đồng trong nước bằng phương pháp von-ampe hòa tan hấp phụ /
|c Phan Thu Giang, ...[và những người khác]
|
| 653 |
# |
# |
|a Dung dịch thuốc thử Resorcinol
|
| 653 |
# |
# |
|a Phôi tử tạo phức
|
| 653 |
# |
# |
|a Phương pháp von-ampe
|
| 700 |
# |
# |
|a Hoàng Thọ Tín.
|
| 700 |
# |
# |
|a Lê Thị Hương Giang.
|
| 700 |
# |
# |
|a Từ Vọng Nghi.
|
| 773 |
# |
# |
|t Tạp chí Phân tích hóa, lý và sinh học
|g Số 2(13), 2008, tr. 45-50
|
| 920 |
# |
# |
|a Phòng Tạp chí -- Trung tâm Thông tin - Thư viện Trường Đại học Đà Lạt
|
| 994 |
# |
# |
|a DLU
|
| 900 |
# |
# |
|a True
|
| 911 |
# |
# |
|a Nguyễn Thị Linh Chi
|
| 925 |
# |
# |
|a G
|
| 926 |
# |
# |
|a A
|
| 927 |
# |
# |
|a BB
|
| 980 |
# |
# |
|a Thư viện Trường Đại học Đà Lạt
|